Report... to SCAR /

Saved in:
Bibliographic Details
New Title:Annual SCAR report on national Antarctic scientific activities
Corporate Author: Royal Society of New Zealand. National Committee for Antarctic Research
Format: Serial
Language:English
Published: Christchurch, N.Z. : The Committee.
Subjects:
LEADER 01420nas a2200325 a 4500
001 c000166204
003 CARM
005 19980330000000.0
008 850718d19uu199unz ar b 0 a0eng d
019 1 |a 3845704  |z 53151705  |5 LACONCORD2021 
035 |a (OCoLC)173326466  |5 LACONCORD2021 
040 |a VU  |b eng  |c VU  |d ANL-S 
043 |a t------ 
082 1 4 |a 559.8905  |2 19 
110 2 |a Royal Society of New Zealand.  |b National Committee for Antarctic Research. 
245 0 0 |a Report... to SCAR /  |c Royal Society of New Zealand, New Zealand National Committee for Antarctic Research. 
260 |a Christchurch, N.Z. :  |b The Committee. 
300 |a v. :  |b maps ;  |c 21 x 30 cm. 
500 |a Cover title. 
500 |a Includes the:"summary of research programmes... and proposed research programmes." 
500 |a Description based on : No. 6 (1963) 
650 0 |a Scientific expeditions  |z Antarctica. 
650 0 |a Earth sciences  |z Antarctica. 
651 0 |a Antarctica  |x Research. 
785 0 0 |t Annual SCAR report on national Antarctic scientific activities  |w zbn97-127174. 
852 8 |b CARM  |h A2:AR09E0  |i D06454  |p 0216510  |f SE 
866 0 |a 19(1976)-26(1984) Inc. 
866 |a 19(1976)-26(1984) Inc. 
999 f f |i 88a7f0e6-e638-5b5c-a0d7-806f89c04310  |s 2dc2ded8-969e-5ab1-a2eb-9c54d68290c7 
952 f f |p Can circulate  |a CAVAL  |b CAVAL  |c CAVAL  |d CARM 1 Store  |e D06454  |f A2:AR09E0  |h Other scheme  |i book  |k 19(1976),22(1980),24(1982)-26(1984)  |m 0216510